01160nam a2200193Ia 4500001001100000003001000011008004100021040002500062041001300087100003200100245003700132250001100169260008800180300002600268500026200294501011400556520026200670650003400932L240-12522IT-CnALBA170116s9999||||xx |||||||||||||| ||und|| aIT-CnALBAcIT-CnALBA aITALIANO aMARCHIORI EMILIO, SACERDOTE 0aNOI DI CAMPAGNA. - MEDITAZIONI.  a1a ed. aROMAbAVE, ANONIMA VERITA'S EDITRICEc1938 [1° Ed.:1938 - Ed.Ling.Originale: 1938] a80 p. (prefazione: 3) aSILENZIO MATTUTINO. CASA. ANIMA SENZA DIO. SERVIZIO. EUCARESTIA. PROVA. MEDITAZIONE. VIGILANZA. PROTEZIONE DIVINA. VOCAZIONE. LAVORO. DIVINO AGRICOLTORE. PAROLA DI DIO. FEDE. PARADISO. CHIESA. PROVVIDENZA DIVINA. VITA DIVINA. CASA DI DIO. VOLONTÀ DI DIO.  aSocietà San Paolo EM - Piazza San Paolo, 14 - 12051 ALBA (CN) (non commercial uses only) ® Copyright 2017 aSILENZIO MATTUTINO. CASA. ANIMA SENZA DIO. SERVIZIO. EUCARESTIA. PROVA. MEDITAZIONE. VIGILANZA. PROTEZIONE DIVINA. VOCAZIONE. LAVORO. DIVINO AGRICOLTORE. PAROLA DI DIO. FEDE. PARADISO. CHIESA. PROVVIDENZA DIVINA. VITA DIVINA. CASA DI DIO. VOLONTÀ DI DIO.  aTEOLOGIA SPIRITUALE CRISTIANA